[Event "JUG-chT"]
[Site "Niksic"]
[Date "1997.??.??"]
[Round "2"]
[White "Savic, Miodrag"]
[Black "Vujosevic, Vladimir"]
[Result "1/2-1/2"]
[WhiteElo "2215"]
[BlackElo "2430"]

1.e4 e5 2.Nf3 Nc6 3.Bb5 a6 4.Ba4 Nf6 5.O-O b5 6.Bb3 Bb7 7.c3 h6 8.d4 d6 9.Re1 g6
10.a4 Bg7 11.dxe5 dxe5 12.Qxd8+ Rxd8 13.axb5 axb5 14.Na3 b4 15.Nb5 Rc8 16.Bd5 O-O
17.Be3 bxc3 18.bxc3 Nd8 19.Bxb7 Nxb7 20.Nxe5 Nd6 21.Na7 Rce8 22.Bd4 Ndxe4
23.Nac6 Re6 24.Ra7 Rc8 25.f3 Nd6 26.Kf2 Nf5 27.g4 Nxd4 28.cxd4 Nd5 29.Ra5 Nf4
30.Kg3 Bxe5 31.Nxe5 g5 32.d5 Re7 33.Re4 Kf8 34.Nc6 Rd7 35.Re5 Ng6 36.Rf5 Ne7
37.Nxe7 Kxe7 38.Ra6 Rd6 39.Ra7 f6 40.h4 Kd7 41.f4 gxf4+ 42.Kxf4 Rb8 43.Ra4 Ke7
44.Rc4 Kd7 45.Rh5 Rb1 46.Rd4 Rf1+ 47.Ke3 c6 48.dxc6+ Kxc6 49.Rxd6+ Kxd6 50.Rxh6 Ke5
51.Rh5+ Ke6 52.Ra5 Kf7 53.Rf5 Re1+ 54.Kf2 Re6 55.Ra5 Rb6 56.Kg3 Rb1 57.h5 Kg7
58.Ra7+ Kg8 59.Kf4 Rf1+ 60.Ke4 Rf2 61.Rc7 Rf1 62.Ke3 Rg1 63.Kf3 Rf1+ 64.Kg2 Rf4
65.Kg3 Rf1 66.Rc4 Kg7 67.Kg2 Ra1 68.Rc7+ Kg8 69.h6 Ra3 70.Rg7+ Kh8 71.Rf7 Ra6
72.Kf3 Kg8 73.Rg7+ Kf8 74.Kf4 Ra5 75.Rg6 Kf7 76.h7 Ra4+ 77.Kf5 Ra5+ 78.Ke4 Ra4+
79.Kd5 Ra5+ 80.Kd6 Ra6+ 81.Kd5 Ra5+ 82.Ke4 Ra4+ 83.Kf5 Ra5+ 84.Kf4 Ra4+ 85.Kg3 Ra8  1/2-1/2

[Event "JUG-ch52"]
[Site "Niksic"]
[Date "1997.??.??"]
[Round "6"]
[White "Popovic, Petar"]
[Black "Petronic, Jovan"]
[Result "1/2-1/2"]
[WhiteElo "2545"]
[BlackElo "2455"]

1.e4 e5 2.Nf3 Nc6 3.Bb5 a6 4.Ba4 Nf6 5.O-O b5 6.Bb3 Bb7 7.d3 Be7 8.Nc3 O-O
9.a3 d6 10.Re1 h6 11.Ne2 Nh7 12.Ng3 Ng5 13.c3 Nxf3+ 14.Qxf3 Bg5 15.Nf5 Bxc1
16.Raxc1 Ne7 17.d4 Nxf5 18.Qxf5 Qe7 19.Rcd1  1/2-1/2

[Event "RUS-chT"]
[Site "Orel"]
[Date "1997.??.??"]
[Round "?"]
[White "Bondar, Ilya"]
[Black "Belozerov, Andrei"]
[Result "1/2-1/2"]
[WhiteElo "2280"]
[BlackElo "2420"]

1.e4 e5 2.Nf3 Nc6 3.Bb5 a6 4.Ba4 Nf6 5.O-O b5 6.Bb3 Bb7 7.Nc3 Be7 8.Nd5 O-O
9.d3 Na5 10.Nxe7+ Qxe7 11.Bg5 Nxb3 12.axb3 Qe6 13.Bxf6 Qxf6 14.Qd2 d6 15.c4 Qe7
16.Ne1 f5 17.f3 c5 18.g3 bxc4 19.bxc4 fxe4 20.dxe4 Rf6 21.Ng2 Qf7 22.Qe2 Rf8
23.Ra3 Bc8 24.h4 Bg4 25.Ne1 Be6 26.b3 Qb7 27.Qd3 h6 28.Rf2 Qb6 29.Rd2 Bc8
30.Rda2 Kh8 31.Rf2 Qd8 32.Ng2 Rg6  1/2-1/2

[Event "ISR-ch U18"]
[Site "Petah Tiqwa"]
[Date "1997.??.??"]
[Round "3"]
[White "Bar, Andrey"]
[Black "Eyal, Ido"]
[Result "1-0"]
[WhiteElo "2055"]
[BlackElo "2160"]

1.e4 e5 2.Nf3 Nc6 3.Bb5 a6 4.Ba4 Nf6 5.O-O b5 6.Bb3 Bb7 7.c3 h6 8.d4 d6 9.Re1 Be7
10.Nbd2 O-O 11.Nf1 Re8 12.Ng3 Bf8 13.a4 Rb8 14.axb5 axb5 15.d5 Ne7 16.Nh4 c6
17.Nh5 Nxh5 18.dxc6 Nxc6 19.Qxh5 Qf6 20.Re3 Ra8 21.Rxa8 Rxa8 22.Rf3 Ra1 23.Rxf6 Rxc1+
24.Bd1 gxf6 25.h3 Ne7 26.Qg4+ Kh8 27.Kh2 Bxe4 28.Qxe4 Rxd1 29.Qe2 Rd5 30.Qf3 Rd2
31.Qxf6+ Kg8 32.b4 Rd3 33.Nf5 Nxf5 34.Qxf5 Rxc3 35.Qg4+ Kh8 36.Qd7 Kg8 37.Qxb5 d5
38.Qe8 e4 39.b5 Rb3 40.Qd7 d4 41.Qxd4 Rxb5 42.Qxe4 Rb6 43.g4 Rf6 44.Kg2 Re6
45.Qc4 Rb6 46.f4 Rb4 47.Qc7 Rb2+ 48.Kg3 Rb3+ 49.Kh4 Rb4 50.Kh5 Rb5+ 51.g5 hxg5
52.fxg5 Rc5 53.Qd7 Re5 54.h4 Rc5 55.Qd4 Rb5 56.Qc4 Rc5 57.Qb3 Be7 58.Kg4 Kf8
59.Qe3 Rc4+ 60.Kh5 Rc6 61.Qe4 Rg6 62.Kg4 Rb6 63.Qh7 Rb4+ 64.Kf5 Rb5+ 65.Ke4 Ke8
66.Qg8+ Bf8 67.h5 Rb4+ 68.Kd5 Rb5+ 69.Kc6 Rc5+ 70.Kb6 Re5 71.h6 Re6+ 72.Kb7 Re3
73.h7 Rb3+ 74.Ka6 Ra3+ 75.Kb5 Rb3+ 76.Kc4 Rb4+ 77.Kc3  1-0

[Event "POL-ch sf"]
[Site "Poraj "]
[Date "1997.??.??"]
[Round "2"]
[White "Filipek, Jakub"]
[Black "Owczarzak, Jerzy"]
[Result "1-0"]
[WhiteElo "2390"]
[BlackElo "2100"]

1.e4 e5 2.Nf3 Nc6 3.Bb5 a6 4.Ba4 Nf6 5.O-O b5 6.Bb3 Bb7 7.c3 h6 8.d4 d6 9.Nbd2 Be7
10.Re1 O-O 11.Nf1 Re8 12.Ng3 Bf8 13.d5 Nb8 14.Nf5 Nbd7 15.N3h4 Nc5 16.Bc2 c6
17.b4 Na4 18.Bxa4 bxa4 19.c4 cxd5 20.cxd5 Rc8 21.Qd3 Kh7 22.Bd2 g6 23.Ne3 a5
24.b5 Nd7 25.Nf3 Nc5 26.Qb1 Rb8 27.Nc4 Ba6 28.Bxa5 Qd7 29.Qc2 Qxb5 30.Nfd2 Qd7
31.Rab1 Nb7 32.Nb6 Qd8 33.Qxa4 Nc5 34.Qa3 Bd3 35.Rbc1 Rxb6 36.Rxc5 Ra6 37.Qxd3 Rxa5
38.Rxa5 Qxa5 39.Ra1 Rc8 40.a4 Be7 41.g3 Bg5 42.Nf3 Bd8 43.Kg2 Rb8 44.Nd2 Bb6
45.Nc4 Qc5 46.Ra2 Ba7 47.Rc2 Qb4 48.Qf3 Kg7 49.Nxe5 Rb7 50.Ng4 Bd4 51.e5 Bxe5
52.Nxe5 dxe5 53.Rc6 Qd4 54.a5 e4 55.Qc3 Qxc3 56.Rxc3 Ra7 57.Ra3 Ra6 58.f3 f5
59.f4 Kf7 60.Kf2 Ke7 61.Ke3 Kd6 62.Kd4 g5 63.fxg5 hxg5 64.h4 gxh4 65.gxh4 e3
66.Kxe3 Kxd5 67.Kf4 Ke6 68.Kg5 Kf7 69.Kxf5 Kg7 70.Ke5 Kf7 71.Kd5 Ke7 72.Kc5 Kd7
73.Kb5 Rh6 74.a6 Rh5+ 75.Kb6 Rh6+ 76.Kb7 Rxh4 77.a7 Rb4+ 78.Ka6  1-0

[Event "POL-ch sf"]
[Site "Poraj "]
[Date "1997.??.??"]
[Round "3"]
[White "Nurkiewicz, Maciej"]
[Black "Liwak, Przemyslaw"]
[Result "1-0"]
[WhiteElo "2300"]
[BlackElo "2060"]

1.e4 e5 2.Nf3 Nc6 3.Bb5 a6 4.Ba4 Nf6 5.O-O b5 6.Bb3 Bb7 7.d3 Be7 8.Nc3 d6
9.a4 b4 10.Ne2 Na5 11.Ba2 O-O 12.Ng3 Bc8 13.d4 exd4 14.Nxd4 Re8 15.Ndf5 Bf8
16.Qf3 Bxf5 17.Nxf5 Nc6 18.Bg5 Ne5 19.Qb3 d5 20.exd5 h6 21.Bh4 Bd6 22.Rae1 a5
23.f4 Ned7 24.Qg3 g6 25.Nxh6+ Kg7 26.Nf5+ Kg8 27.Nxd6 cxd6 28.f5 Qb6+ 29.Kh1 Rxe1
30.Rxe1 Nh5 31.Qf3 Ne5 32.Rxe5 dxe5 33.d6  1-0

[Event "POL-ch sf"]
[Site "Poraj "]
[Date "1997.??.??"]
[Round "5"]
[White "Szelag, Marcin"]
[Black "Nurkiewicz, Maciej"]
[Result "1-0"]
[WhiteElo "2245"]
[BlackElo "2300"]

1.e4 e5 2.Nf3 Nc6 3.Bb5 a6 4.Ba4 Nf6 5.O-O b5 6.Bb3 Bb7 7.Re1 Bc5 8.c3 d6
9.d4 Bb6 10.Bg5 h6 11.Bh4 g5 12.Bg3 O-O 13.dxe5 dxe5 14.Nbd2 Qe7 15.Bd5 Rad8
16.Bxc6 Bxc6 17.Nxe5 Bxe4 18.Nc6 Qe6 19.Nxd8 Rxd8 20.Qe2 Bd5 21.Qxe6 Bxe6
22.Nf3 Bd5 23.Rad1 c6 24.b3 Ba5 25.Rd3 Ne4 26.Rc1 Nxg3 27.hxg3 Re8 28.Re1 Rxe1+
29.Nxe1 Be4 30.Rd4 f5 31.b4 c5 32.Rxe4  1-0

[Event "EU-chT (Women)"]
[Site "Pula"]
[Date "1997.??.??"]
[Round "4"]
[White "Benschop, Anne Marie"]
[Black "Sekulovska, Vesna"]
[Result "1/2-1/2"]
[WhiteElo "2145"]
[BlackElo "2100"]

1.e4 e5 2.Nf3 Nc6 3.Bb5 a6 4.Ba4 Nf6 5.O-O b5 6.Bb3 Bb7 7.d3 h6 8.Nc3 g6
9.a4 b4 10.Nd5 Bg7 11.a5 Nxd5 12.Bxd5 Rb8 13.c3 O-O 14.Be3 d6 15.Qc2 Ne7
16.Bc4 d5 17.exd5 Nxd5 18.Bc5 Nf4 19.Ne1 Re8 20.f3 Bf8 21.Be3 Qf6 22.d4 Ne6
23.Qf2 exd4 24.cxd4 Nf4 25.Nd3  1/2-1/2

[Event "Seversk"]
[Site "Seversk"]
[Date "1997.??.??"]
[Round "13"]
[White "Loskutov, Oleg"]
[Black "Belozerov, Andrei"]
[Result "1/2-1/2"]
[WhiteElo "2400"]
[BlackElo "2420"]

1.e4 e5 2.Nf3 Nc6 3.Bb5 a6 4.Ba4 Nf6 5.O-O b5 6.Bb3 Bb7 7.d3 Be7 8.c4 bxc4
9.Bxc4 O-O 10.Nc3 d6 11.a3 Bc8 12.h3 Be6 13.b4 Qd7 14.Be3 h6 15.Rc1 Rfb8
16.Qa4 Bd8 17.Nd5 Na7 18.Nxf6+ Bxf6 19.Qxd7 Bxd7 20.Bd5 c6 21.Bxa7 Rc8 22.Bxf7+ Kxf7
23.Be3 a5 24.d4 exd4 25.Bxd4 Bxd4 26.Nxd4 axb4 27.axb4 Ra4 28.Nc2 c5 29.Rb1 cxb4
30.Nxb4 Rb8 31.Nd5 Rxb1 32.Rxb1 Rxe4 33.Rb7 Ke8 34.f3 Re5 35.Nb6 Re7 36.Nd5 Re5
37.Nb6 Re7  1/2-1/2

[Event "SLO-chT sf"]
[Site "Skofja Loka"]
[Date "1997.??.??"]
[Round "?"]
[White "Milosevic, Rade"]
[Black "Petek, Pavel"]
[Result "0-1"]
[WhiteElo "2165"]
[BlackElo "2175"]

1.e4 e5 2.Nf3 Nc6 3.Bb5 a6 4.Ba4 Nf6 5.O-O b5 6.Bb3 Bb7 7.d4 Nxd4 8.Nxd4 exd4
9.e5 Ne4 10.Qf3 Qe7 11.Nd2 Nc5 12.Qg3 Nxb3 13.Nxb3 c5 14.c3 dxc3 15.bxc3 Rc8
16.f4 f5 17.exf6 Qxf6 18.a4 b4 19.Na5 Bd5 20.Qd3 Ba8 21.Bb2 Be7 22.Rae1 d5
23.cxb4 Qxb2 24.Qxa6 Rd8 25.Nc6 Bxc6 26.Qxc6+ Kf8 27.Re6 Qxb4 28.Rfe1 Re8
29.f5 c4 30.f6 Qc5+ 31.Kh1 Qxc6 32.fxe7+ Rxe7 33.Rf1+ Rf7 34.Rxf7+ Kxf7 35.Rxc6 Ra8
36.Kg1 Rxa4 37.Kf2 Ra2+ 38.Kf3 Rd2 39.Rc7+ Kf6 40.h4 h5 41.g3 Rd3+ 42.Kf4 Rd4+
43.Kf3  0-1

[Event "RUS-Cup8"]
[Site "Smolensk"]
[Date "1997.??.??"]
[Round "1"]
[White "Yurtaev, Leonid"]
[Black "Mozaliov, SV."]
[Result "1-0"]
[WhiteElo "2495"]
[BlackElo "2275"]

1.e4 e5 2.Nf3 Nc6 3.Bb5 a6 4.Ba4 Nf6 5.O-O b5 6.Bb3 Bb7 7.c3 Nxe4 8.d4 Na5
9.Bc2 exd4 10.Nxd4 c5 11.Nf5 Qf6 12.Nd2 d5 13.Nxe4 dxe4 14.Ng3 Be7 15.Nxe4 Qc6
16.Qh5 Qg6 17.Qe2 Qe6 18.Re1 h6 19.Nxc5 Qxe2 20.Rxe2 Bd5 21.Bf4 Nc6 22.Bd6 Ra7
23.a4 Bc4 24.Ree1 O-O 25.Rxe7 Nxe7 26.Nxa6 bxa4 27.Rxa4  1-0

[Event "POL-ch"]
[Site "Sopot"]
[Date "1997.??.??"]
[Round "7"]
[White "Jaracz, Pawel"]
[Black "Macieja, Bartlomiej"]
[Result "1/2-1/2"]
[WhiteElo "2445"]
[BlackElo "2465"]

1.e4 e5 2.Nf3 Nc6 3.Bb5 a6 4.Ba4 Nf6 5.O-O b5 6.Bb3 Bb7 7.d3 Bd6 8.c3 O-O
9.Nbd2 h6 10.a3 Re8 11.Nh4 Bf8 12.Ng6 d5 13.Nxf8 Kxf8 14.exd5 Na5 15.c4 e4
16.dxe4 Nxe4 17.Ba2 bxc4 18.Nxc4  1/2-1/2

[Event "EU-ch U18"]
[Site "Tallinn"]
[Date "1997.??.??"]
[Round "1"]
[White "Einvik, Gunnar"]
[Black "Nurkiewicz, Maciej"]
[Result "1/2-1/2"]
[WhiteElo "2190"]
[BlackElo "2355"]

1.e4 e5 2.Nf3 Nc6 3.Bb5 a6 4.Ba4 Nf6 5.O-O b5 6.Bb3 Bb7 7.Re1 Bc5 8.c3 d6
9.h3 O-O 10.d3 h6 11.a4 Re8 12.Na3 d5 13.exd5 Nxd5 14.d4 Bxa3 15.Rxa3 e4
16.axb5 axb5 17.Rxa8 Bxa8 18.Bxd5 Qxd5 19.Bf4 Re7 20.Nd2 g5 21.Be3 Nd8 22.f3 exf3
23.Qxf3 Qxf3 24.Nxf3 Bxf3 25.gxf3 f5 26.Kf1 f4 27.Bf2 Rxe1+ 28.Kxe1 Kf7 29.d5 Ke7
30.Bc5+ Kf6 31.b3 Ke5 32.c4 bxc4 33.bxc4 Nb7 34.Bf8 h5 35.Be7 Na5 36.Bxg5 Nxc4
37.Bd8 Kxd5  1/2-1/2

[Event "EU-ch U18"]
[Site "Tallinn"]
[Date "1997.??.??"]
[Round "9"]
[White "Vuckovic, Bojan"]
[Black "Nurkiewicz, Maciej"]
[Result "1/2-1/2"]
[WhiteElo "2160"]
[BlackElo "2355"]

1.e4 e5 2.Nf3 Nc6 3.Bb5 a6 4.Ba4 Nf6 5.O-O b5 6.Bb3 Bb7 7.Re1 Bc5 8.c3 d6
9.d4 Bb6 10.Be3 O-O 11.Nbd2 h6 12.h3 Re8 13.d5 Nb8 14.Bxb6 cxb6 15.Nf1 Nbd7
16.Bc2 Rc8 17.Ne3 g6 18.Ng4 Nxg4 19.hxg4 Nf6 20.g5 hxg5 21.Nxg5 Kg7 22.Qd2 Rh8
23.Rf1 Nh5 24.g3 b4 25.Bd1 bxc3 26.bxc3 Rc5 27.Kg2 Qc8 28.Rc1 Nf6 29.Bf3 b5
30.Rh1 Rxh1 31.Rxh1 Rxc3 32.Nh7 Ng8 33.Ng5 Nf6 34.Nh7 Ng8 35.Ng5 Nf6  1/2-1/2

[Event "Tanta op"]
[Site "Tanta"]
[Date "1997.??.??"]
[Round "5"]
[White "Salem, Zahed"]
[Black "El Taher, Fouad"]
[Result "0-1"]
[WhiteElo "2195"]
[BlackElo "2445"]

1.e4 e5 2.Nf3 Nc6 3.Bb5 a6 4.Ba4 Nf6 5.O-O b5 6.Bb3 Bb7 7.Ng5 d5 8.exd5 Nd4
9.Qe1 Nxb3 10.Qxe5+ Be7 11.axb3 O-O 12.Nc3 Nd7 13.Nxf7 Rxf7 14.Qe6 b4 15.Ne4 Nf8
16.Qe5 Ng6 17.Qg3 Nf4 18.Re1 Qxd5 19.d3 Raf8 20.f3 Qh5 21.Bxf4 Rxf4 22.Re2 Bh4
23.Qh3 Bc8 24.g4 Qh6 25.Nd2 Qf6 26.Rf1 h5 27.Qg2 hxg4 28.fxg4 Qd4+ 29.Kh1 Rxf1+
30.Nxf1 Bb7 31.Qxb7 Rxf1+ 32.Kg2 Rg1+  0-1

[Event "Ubeda op"]
[Site "Ubeda"]
[Date "1997.??.??"]
[Round "2"]
[White "Arencibia, Walter"]
[Black "Lugo, Blas"]
[Result "1/2-1/2"]
[WhiteElo "2560"]
[BlackElo "2460"]

1.e4 e5 2.Nf3 Nc6 3.Bb5 a6 4.Ba4 Nf6 5.O-O b5 6.Bb3 Bb7 7.c3 d5 8.exd5 Nxd5
9.d4 exd4 10.Ng5 Qd7 11.Qf3 Nd8 12.cxd4 Be7 13.Nc3 Nxc3 14.Bxf7+ Nxf7 15.Qxf7+ Kd8
16.Ne6+ Kc8 17.bxc3 Bd6 18.Qxd7+ Kxd7 19.Nc5+ Bxc5 20.dxc5 Bd5 21.a3 Kc6
22.Be3 Rhe8 23.Rab1 Rad8 24.Rfd1 Ba2 25.Ra1 Bb3 26.Rxd8 Rxd8 27.Bd4 g6 28.Re1 a5
29.h3 a4 30.Re4 Rd7 31.f3 Bd5 32.Re2 Bb3 33.Rd2 Kd5 34.Be3+ Kc6 35.Bd4 Kd5  1/2-1/2

[Event "Wuerttemberg-ch"]
[Site "Willsbach"]
[Date "1997.??.??"]
[Round "4"]
[White "Brodbeck, Stefan"]
[Black "Rabl, Joerg Stefan"]
[Result "0-1"]
[WhiteElo "2110"]
[BlackElo "2225"]

1.e4 e5 2.Nf3 Nc6 3.Bb5 a6 4.Ba4 Nf6 5.O-O b5 6.Bb3 Bb7 7.Re1 Bc5 8.c3 d6
9.d4 Bb6 10.Bg5 h6 11.Bh4 Qd7 12.a4 O-O-O 13.axb5 axb5 14.Na3 g5 15.Bg3 h5
16.h4 gxh4 17.Bxh4 Rh6 18.dxe5 Nxe5 19.Nxe5 dxe5 20.Qxd7+ Rxd7 21.Bc2 Bc6
22.Kf1 Rg6 23.Bxf6 Rxf6 24.Re2 Rf4 25.Ke1 Rh4  0-1

[Event "CZE-chT 9798"]
[Site "CZE"]
[Date "1998.02.08"]
[Round "7"]
[White "Jirovsky, Petr"]
[Black "Zvara, Petr"]
[Result "1/2-1/2"]
[WhiteElo "2365"]
[BlackElo "2365"]

1.e4 e5 2.Nf3 Nc6 3.Bb5 a6 4.Ba4 Nf6 5.O-O b5 6.Bb3 Bb7 7.Re1 Bc5 8.c3 d6
9.d4 Bb6 10.h3 h6 11.Be3 O-O 12.Nbd2 exd4 13.cxd4 d5 14.e5 Ne4 15.Rc1 Nxd2
16.Bxd2 Nxd4 17.Nxd4 Bxd4 18.Qg4 Bxb2 19.Bxh6 g6 20.Rc2 Ba3 21.Bxf8 Kxf8
22.e6 Qe7 23.Rce2 Kg7 24.exf7 Qxf7 25.Bc2 Rf8 26.Qd4+ Qf6 27.Qa7 Qc6 28.Qe3 Bc5
29.Qg3 Rf6 30.h4 Bb4 31.Re7+ Bxe7 32.Rxe7+ Rf7 33.Qe5+ Qf6 34.Rxf7+ Kxf7
35.Qxc7+ Qe7 36.Bxg6+ Kf6 37.Qg3 d4 38.h5 Qe5 39.f4 Qe3+ 40.Qxe3 dxe3 41.Bd3 Kg7
42.Kf1 Kh6 43.g4 b4 44.Ke2 a5 45.Bc4 Bc8 46.f5 Kg5 47.Kxe3 a4 48.Ke4 b3 49.axb3 Ba6
50.Be6 axb3 51.Bxb3 Be2 52.Ke5 Bxg4 53.f6 Bxh5 54.Ke6 Kf4 55.Bc2 Be8 56.Ke7 Ke5
57.Bb3 Bh5 58.Bf7 Be2  1/2-1/2

[Event "Debrecen"]
[Site "Debrecen"]
[Date "1998.02.26"]
[Round "10"]
[White "Daroczy, Sandor"]
[Black "Hegedus, Gyorgy"]
[Result "1-0"]
[WhiteElo "2130"]
[BlackElo "2030"]

1.e4 e5 2.Nf3 Nc6 3.Bb5 a6 4.Ba4 b5 5.Bb3 Nf6 6.O-O Bb7 7.Ng5 d5 8.exd5 Nd4
9.Re1 Nxb3 10.Rxe5+ Be7 11.axb3 O-O 12.d4 Bd6 13.c4 h6 14.Nf3 Bxe5 15.dxe5 Nh7
16.Nc3 b4 17.Ne4 Bc8 18.Nd4 Qh4 19.Qd3 Ng5 20.Bxg5 hxg5 21.Nf3 Qf4 22.Nfxg5 Bf5
23.Qd4 Rfe8 24.Nf6+  1-0

[Event "JUG-ch53"]
[Site "Belgrade "]
[Date "1998.03.23"]
[Round "10"]
[White "Velimirovic, Dragoljub"]
[Black "Petronic, Jovan"]
[Result "1/2-1/2"]
[WhiteElo "2535"]
[BlackElo "2450"]

1.e4 e5 2.Nf3 Nc6 3.Bb5 a6 4.Ba4 Nf6 5.O-O b5 6.Bb3 Bb7 7.Re1 Bc5 8.c3 d6
9.d4 Bb6 10.a4 h6 11.h3  1/2-1/2

[Event "FRA-chT"]
[Site "FRA"]
[Date "1998.05.10"]
[Round "10"]
[White "Loeffler, Markus"]
[Black "Rausis, Igors"]
[Result "0-1"]
[WhiteElo "2350"]
[BlackElo "2520"]

1.e4 e5 2.Nf3 Nc6 3.Bb5 a6 4.Ba4 Nf6 5.O-O b5 6.Bb3 Bb7 7.Re1 Bc5 8.Nxe5 Nxe5
9.d4 Nfg4 10.Bf4 Qf6 11.Bxe5 Qxf2+ 12.Kh1 Nxe5 13.dxe5 O-O-O 14.Nc3 Rde8
15.Rf1 Qh4 16.Rxf7 Rxe5 17.Rxg7 b4 18.Nd5 Qxe4 19.c4 bxc3 20.Nxc3 Qc6 21.Rc1 Qh6
22.Nd5 Bxd5  0-1

[Event "Politiken Cup"]
[Site "Copenhagen"]
[Date "1998.07.13"]
[Round "9"]
[White "Hansen, Sune Berg"]
[Black "Furhoff, Johan"]
[Result "1/2-1/2"]
[WhiteElo "2480"]
[BlackElo "2320"]

1.e4 e5 2.Nf3 Nc6 3.Bb5 a6 4.Ba4 Nf6 5.O-O b5 6.Bb3 Bb7 7.Re1 Bc5 8.c3 d6
9.d4 Bb6 10.Be3 O-O 11.Nbd2 Re8 12.d5 Na5 13.Bxb6 cxb6 14.Bc2 Nc4 15.Rb1 Nxd2
16.Nxd2 g6 17.Nf1 Nh5 18.Qd2 Bc8 19.Qh6 Qf6 20.g3 Qg7 21.Qxg7+ Kxg7 22.Ne3 Bd7
23.Bd3 Rac8 24.Rbd1 Rf8 25.Be2 Kh6 26.Rd2 f5 27.exf5 gxf5 28.Bxh5 Kxh5 29.f4 Rce8
30.Ng2 Kg6 31.a3 Kf6 32.Kf2 Rf7 33.Rc2 Rfe7 34.Rec1 Bc8 35.Rd2 Bb7 36.Rcd1 Rc8
37.Kg1 Rc5 38.fxe5+ Rxe5 39.Nf4 Rc8 40.Kf2 Rce8 41.Nh5+ Kg6 42.Nf4+ Kf6 43.Rd3 Re4
44.R1d2 R8e7 45.Rf3 Re1 46.Kg2 R7e3 47.Rff2 Kg5 48.Kh3 Re4 49.Kg2 a5 50.h4+ Kf6
51.g4 Rb1 52.g5+ Ke5 53.g6  1/2-1/2

[Event "RUS-Cup07"]
[Site "Tomsk"]
[Date "1998.07.19"]
[Round "5"]
[White "Kanatov, Askar"]
[Black "Belozerov, Andrei"]
[Result "0-1"]
[WhiteElo "2285"]
[BlackElo "2460"]

1.e4 e5 2.Nf3 Nc6 3.Bb5 a6 4.Ba4 Nf6 5.O-O b5 6.Bb3 Bb7 7.Re1 Bc5 8.c3 d6
9.d4 Bb6 10.Bg5 h6 11.Bh4 Qd7 12.a4 O-O-O 13.axb5 axb5 14.Na3 g5 15.Bg3 h5
16.h4 gxh4 17.Bxh4 Rh6 18.dxe5 Nxe5 19.Nxe5 dxe5 20.Qxd7+ Rxd7 21.Rad1 Nxe4
22.Rxd7 Kxd7 23.Rd1+ Nd6 24.Bxf7 Rh7 25.Bg6 Rg7 26.Bf5+ Ke8 27.Bh3 Kf7 28.Nc2 Bf3
29.Rd2 Bg4 30.Kh2 Ne4 31.Rd5 c6 32.Rxe5 Bc7 33.f4 Bxe5 34.fxe5 c5  0-1

[Event "Quebec op"]
[Site "Montreal"]
[Date "1998.07.25"]
[Round "1"]
[White "Drozdov, Igor"]
[Black "Wenaas, Eric"]
[Result "1/2-1/2"]
[WhiteElo "2440"]
[BlackElo "2080"]

1.e4 e5 2.Nf3 Nc6 3.Bb5 a6 4.Ba4 Nf6 5.O-O b5 6.Bb3 Bb7 7.Nc3 Be7 8.d3 d6
9.a4 b4 10.Nd5 Nxd5 11.Bxd5 Rb8 12.Ng5 Bxg5 13.Qh5 g6 14.Qxg5 Qxg5 15.Bxg5 Nd4
16.Ba2 Bc6 17.f4 Ne2+ 18.Kh1 Nxf4 19.Bxf4 exf4 20.Rxf4 Rf8 21.Bb3 Ke7 22.Raf1 f6
23.Rh4 h5 24.g4 Rh8 25.g5 fxg5 26.Rf7+ Ke8 27.Rh3 g4 28.Re3 Bxa4 29.Rxc7 Bxb3
30.cxb3 Kd8 31.Rg7 Rf8 32.e5 dxe5 33.Rxe5 Rc8 34.Rd5+ Ke8 35.Re5+ Kd8  1/2-1/2

[Event "RUS-ch51"]
[Site "St Petersburg"]
[Date "1998.08.07"]
[Round "11"]
[White "Grischuk, Alexander"]
[Black "Potapov, Alexander"]
[Result "1-0"]
[WhiteElo "2490"]
[BlackElo "2475"]

1.e4 e5 2.Nf3 Nc6 3.Bb5 a6 4.Ba4 Nf6 5.O-O b5 6.Bb3 Bb7 7.d3 Bd6 8.c3 O-O
9.Nbd2 Re8 10.Re1 Bc5 11.Nf1 d6 12.Ng3 Bb6 13.Bg5 h6 14.Bh4 g6 15.h3 Kg7
16.Nh2 Qd7 17.Qf3 Ng8 18.Ng4 Nd8 19.Bf6+ Kf8 20.d4 exd4 21.cxd4 Ne6 22.d5 Nd4
23.Qf4 g5 24.Qd2 Nxf6 25.Nxf6 Qxh3 26.Nf5 Nf3+ 27.gxf3 Bc8 28.Nh7+ Kg8 29.Nf6+ Kf8
30.Nd4 Re5 31.Re3 Qh4 32.Rae1 g4 33.f4 Qxf6 34.fxe5 dxe5 35.Nf5 Bxf5 36.exf5 Re8
37.Bc2 h5 38.Rg3 Qh4 39.Kg2 Qf6 40.Be4 Kg7 41.Rc1 Rd8 42.Rc6 Rd6 43.Rxd6  1-0

[Event "FRA-ch"]
[Site "Meribel"]
[Date "1998.08.18"]
[Round "5"]
[White "Chomet, Pascal"]
[Black "Bacrot, Etienne"]
[Result "0-1"]
[WhiteElo "2405"]
[BlackElo "2555"]

1.e4 e5 2.Nf3 Nc6 3.Bb5 a6 4.Ba4 Nf6 5.O-O b5 6.Bb3 Bb7 7.d3 Be7 8.Nc3 d6
9.a4 Nd4 10.Nxd4 exd4 11.Ne2 c5 12.Ng3 h5 13.Nf5 Bf8 14.Bg5 g6 15.e5 dxe5
16.Qe2 Bd6 17.f4 e4 18.dxe4 gxf5 19.e5 c4 20.exd6+ Be4 21.d7+ Qxd7 22.Bxf6 Rg8
23.Rf2 cxb3 24.cxb3 Rg6 25.Bg5 d3 26.Qxh5 Qd4 27.Rc1 d2 28.Rf1 Rc8 29.Qe2 Rd6
30.Rd1 Rc1  0-1

[Event "Schwarzach opA"]
[Site "Schwarzach"]
[Date "1998.08.28"]
[Round "7"]
[White "Aschauer, Guenther"]
[Black "Kniest, Oliver"]
[Result "0-1"]
[WhiteElo "2115"]
[BlackElo "2300"]

1.e4 e5 2.Nf3 Nc6 3.Bb5 a6 4.Ba4 Nf6 5.O-O b5 6.Bb3 Bb7 7.Re1 Bc5 8.c3 d6
9.d4 Bb6 10.h3 h6 11.Be3 O-O 12.d5 Ne7 13.Bxb6 cxb6 14.Nbd2 Ng6 15.Nf1 Nf4
16.a4 bxa4 17.Bxa4 b5 18.Bc2 Qc7 19.N3h2 Bc8 20.Ne3 Kh7 21.b4 N6h5 22.Bb3 Qe7
23.Qf3 Qg5 24.Kh1 g6 25.g4 Ng7 26.Qg3 Qe7 27.c4 Nd3 28.Red1 bxc4 29.Bxc4 Nxb4
30.Rdb1 Rb8 31.Ra4 Nc6 32.Rba1 Nd4 33.Bxa6 Nb3 34.Rb1 Bxa6 35.Rxa6 Nc5 36.Rab6 Rxb6
37.Rxb6 Nxe4 38.Qg2 Nc5 39.Rb1 f5 40.gxf5 Nxf5 41.Nxf5 Rxf5 42.Rd1 Qf7 43.f3 Nb3
44.Qa2 Nc5 45.Ra1 Qg7 46.Qa8 Rf8 47.Qc6 e4 48.Re1 exf3 49.Qxd6 Ne4 50.Qe6 Ng3+
51.Kg1 f2+ 52.Kg2 fxe1=Q  0-1

[Event "Andres Clemente Vazquez mem"]
[Site "Guiines"]
[Date "1998.10.20"]
[Round "7"]
[White "Gonzalez, Yuri"]
[Black "Diaz, Hugo"]
[Result "1-0"]
[WhiteElo "2385"]
[BlackElo "2180"]

1.e4 e5 2.Nf3 Nc6 3.Bb5 a6 4.Ba4 Nf6 5.O-O b5 6.Bb3 Bb7 7.Re1 Bc5 8.c3 d6
9.d4 Bb6 10.Be3 O-O 11.h3 exd4 12.cxd4 Na5 13.d5 Bxe3 14.Rxe3 Re8 15.Nbd2 Qd7
16.Qc2 Re7 17.Rc1 Rae8 18.Nd4 Qc8 19.Nf5 Rd7 20.Rg3 g6 21.Qc3  1-0

[Event "Panormo zt"]
[Site "Panormo"]
[Date "1998.10.30"]
[Round "7"]
[White "Cela, Altin"]
[Black "Sturua, Zurab"]
[Result "1-0"]
[WhiteElo "2450"]
[BlackElo "2600"]

1.e4 e5 2.Nf3 Nc6 3.Bb5 a6 4.Ba4 Nf6 5.O-O b5 6.Bb3 Bb7 7.Re1 Bc5 8.c3 d6
9.d4 Bb6 10.Be3 O-O 11.Nbd2 h6 12.h3 Re8 13.d5 Ne7 14.Bxb6 cxb6 15.Nh4 Rf8
16.Qf3 Kh7 17.Nf1 Ne8 18.Kh2 g6 19.Ne3 Ng7 20.Rad1 Bc8 21.g4 Ng8 22.Nhg2 Ra7
23.Bc2 Kh8 24.Qg3 Qe8 25.f4 exf4 26.Nxf4 Qe5 27.Nd3 Qxg3+ 28.Kxg3 Re8 29.Nb4 Nf6
30.Nf1 Rc7 31.Nd2 Nd7 32.Nf3 Bb7 33.Bb3 Kg8 34.h4 Kf8 35.Kf4 Nc5 36.e5 Nxb3
37.axb3 a5 38.Nc6 Rd7 39.Nfd4 dxe5+ 40.Rxe5 Rxe5 41.Kxe5 Ne8 42.g5 hxg5 43.hxg5 Nc7
44.c4 bxc4 45.bxc4 Na6 46.Rf1 Kg7 47.b3 Nc5 48.Rf3 Ba8 49.Nb5 Bb7 50.Nd6 Na6
51.Ne8+ Kf8 52.Rh3 Bxc6 53.Rh8+ Ke7 54.d6+ Rxd6 55.Nxd6 Kd7 56.Rh7 Nc5 57.Rxf7+ Kd8
58.Nb5 Nxb3 59.Rf6 Bd7 60.Rxg6 Nd2 61.Kd4 Nf3+ 62.Kc3 Be8 63.Rg7 Ne5 64.Nd4 Bd7
65.Rg8+ Ke7 66.Rb8  1-0

[Event "Chigorin mem"]
[Site "St. Petersburg"]
[Date "1998.10.31"]
[Round "1"]
[White "Yemelin, Vasily"]
[Black "Driamin, Dmitrij"]
[Result "1-0"]
[WhiteElo "2510"]
[BlackElo "2295"]

1.e4 e5 2.Nf3 Nc6 3.Bb5 a6 4.Ba4 Nf6 5.O-O b5 6.Bb3 Bb7 7.d3 Bc5 8.Nc3 d6
9.a4 b4 10.Nd5 Na5 11.Nxf6+ Qxf6 12.Bg5 Qg6 13.Ba2 O-O 14.Be7 b3 15.cxb3 Rfe8
16.Nh4 Qe6 17.b4 Qxe7 18.Nf5 Qf6 19.bxc5 dxc5 20.Rc1 Rad8 21.Qf3 c4 22.Bxc4 Nxc4
23.Rxc4 Rd7 24.Rfc1 Red8 25.Rxc7 Rxd3 26.Ne3 Rb3 27.Qxf6 gxf6 28.Nf5 Bxe4
29.Nh6+ Kg7 30.Nxf7 Rd4 31.f3 Bg6 32.Nxe5+ Kh6 33.Ng4+ Kg5 34.R1c4 Rd2 35.h4+ Kxh4
36.Nxf6+ Kg5 37.Nxh7+ Bxh7 38.Rxh7 Rbxb2 39.Rg4+ Kf5 40.Rh5+ Kf6 41.Rh6+  1-0

[Event "Corsican op"]
[Site "Bastia"]
[Date "1998.11.04"]
[Round "8"]
[White "Mrdja, Milan"]
[Black "Beliavsky, Alexander G"]
[Result "0-1"]
[WhiteElo "2430"]
[BlackElo "2645"]

1.e4 e5 2.Nf3 Nc6 3.Bb5 a6 4.Ba4 Nf6 5.O-O b5 6.Bb3 Bb7 7.Re1 Bc5 8.c3 d6
9.d4 Bb6 10.a4 O-O 11.Na3 h6 12.Rb1 exd4 13.axb5 axb5 14.Nxb5 dxc3 15.Nxc3 Ng4
16.Re2 Ba6 17.Rd2 Bd3 18.h3 Nxf2 19.Rxf2 Bxb1 20.Nxb1 Ra1 21.Bc2 Qf6 22.Kf1 Bxf2
23.Kxf2 Rb8 24.Nc3 Nb4 25.Nd5 Nxd5 26.exd5 g6 27.Qd2 h5 28.Bd3 Rb3 29.Be2 Qf5
30.h4 Rxf3+  0-1

[Event "Wch U18 Girls"]
[Site "Oropesa del Mar"]
[Date "1998.11.06"]
[Round "10"]
[White "Santos, Francisco"]
[Black "Potikha, Liza"]
[Result "1/2-1/2"]
[WhiteElo "2280"]
[BlackElo "2105"]

1.e4 e5 2.Nf3 Nc6 3.Bb5 a6 4.Ba4 Nf6 5.O-O b5 6.Bb3 Bb7 7.Re1 Bc5 8.c3 d6
9.d4 Bb6 10.Bc2 h6 11.b3 Qd7 12.Bb2 O-O-O  1/2-1/2

[Event "Villa Martelli op"]
[Site "Villa Martelli"]
[Date "1998.11.09"]
[Round "5"]
[White "Bertona, Fernando"]
[Black "Escandell, Juan Carlos"]
[Result "1-0"]
[WhiteElo "2405"]
[BlackElo "2260"]

1.e4 e5 2.Nf3 Nc6 3.Bb5 a6 4.Ba4 Nf6 5.O-O b5 6.Bb3 Bb7 7.d3 Bd6 8.a4 O-O
9.Nc3 b4 10.Nd5 Na5 11.Nxf6+ Qxf6 12.Ba2 b3 13.Qe1 bxa2 14.Qxa5 Qe7 15.Qc3 f5
16.Qb3+  1-0